| Tag |
First Indicator |
Second Indicator |
Subfields |
| LEADER |
00000cam a2200000 4500 |
| 001 |
in00000065331 |
| 005 |
20151008051826.0 |
| 008 |
720126s1962 mdu 00000 eng u |
| 010 |
|
|
|a 62010309
|
| 035 |
|
|
|a (OCoLC)00228426
|
| 035 |
|
|
|9 AAH0215AM
|
| 040 |
|
|
|c WSU
|d TXA
|d UtOrBLW
|
| 049 |
|
|
|a TXAM
|c [347627]
|
| 050 |
|
0 |
|a HC517.U2
|b I5
|
| 092 |
|
|
|a 338.96761
|b I61e
|
| 110 |
2 |
|
|a World Bank.
|
| 245 |
1 |
4 |
|a The economic development of Uganda ;
|b report of a mission organized by the International Bank for Reconstruction and Development at the request of the Government of Uganda.
|
| 264 |
|
1 |
|a Baltimore :
|b Johns Hopkins Press,
|c [1962]
|
| 300 |
|
|
|a 475 pages
|
| 336 |
|
|
|a text
|b txt
|2 rdacontent
|
| 337 |
|
|
|a unmediated
|b n
|2 rdamedia
|
| 338 |
|
|
|a volume
|b nc
|2 rdacarrier
|
| 651 |
|
0 |
|a Uganda
|x Economic policy.
|
| 651 |
|
0 |
|a Uganda
|x Economic conditions.
|
| 999 |
|
|
|a MARS
|
| 999 |
f |
f |
|s 26f9fdad-e7fb-3f43-afe7-105706ec2e6d
|i 7126c819-6a2e-371c-af32-71da0dc7efc7
|t 0
|
| 952 |
f |
f |
|p ric
|a Texas A&M University
|b Rellis Campus
|c Joint Library Facility
|d Remote Storage
|t 0
|e HC517.U2 I5
|h Library of Congress classification
|i unmediated -- volume
|m A14800775474
|
| 998 |
f |
f |
|a HC517.U2 I5
|t 0
|l Remote Storage
|